Ardiente paciencia /

Gorde:
Xehetasun bibliografikoak
Egile nagusia: Skármeta, Antonio (autor)
Formatua: Liburua
Hizkuntza:gaztelania
Argitaratua: Barcelona, España : Sol 90, 2002, c2002
Saila:(Biblioteca de la Literatura Universal ; 18)
Gaiak:
Etiketak: Etiketa erantsi
Etiketarik gabe, Izan zaitez lehena erregistro honi etiketa jartzen!

MARC

LEADER 00000nam^a2200000^a^4500
001 000439721
005 20250521000000.0
009 20260310123317.175
020 |a 84-95978-45-8 
037 |a Acervo ITESO - Biblioteca 
041 |a ESP 
082 |a 863.  |b SKA 
100 |a Skármeta, Antonio  |e (autor) 
240 1 4 |a [El cartero de Neruda: ardiente paciencia] 
245 1 0 |a Ardiente paciencia /  |c A. Skármeta. 
264 4 |a Barcelona, España :  |b Sol 90,  |c 2002, c2002 
300 |a 103 p. 
336 |a texto  |b txt  |2 rdacontenido 
337 |a sin mediación  |b n  |2 rdamedio 
338 |a volumen  |b nc  |2 rdasoporte 
440 1 |a (Biblioteca de la Literatura Universal ;  |v 18) 
545 0 |a Nacido en 1940 en Antofagasta, Antonio Skármeta apareció en el panorama de la literatura chilena como cuentista con El entusiasmo (1967), libro al que seguirían Desnudo en el tejado (1969), Tiro libre (1973) y El ciclista de San Cristóbal (1973). Tras el golpe de Estado de Augusto Pinochet, Skármeta publicó Novios y solitarios (1975) en Argentina y Soñé que la nieve ardía (1976), su primera novela, fue editada en España. Emigrado a Alemania, dirigió la película Ardiente paciencia (1983), basada en su novela homónima, misma que en 1994 fue llevada nuevamente al cine con el título de El cartero (Il postino) y luego reeditada con el título de El cartero de Neruda (1995). La velocidad del amor (1997), La boda del poeta (1999) y La chica del trombón (2001) se cuentan entre sus obras posteriores al éxito editorial que acompaña a este autor desde la exhibición fílmica de El cartero. 
586 |a Premio Nobel de Literatura 1971: Biografías, crítica e interpretación 
649 |a XX 
650 |a Escritores en la Literatura 
650 |a Escritores Chilenos 
650 |a Carteros en la Literatura 
650 |a Novela Chilena 
650 |a Cartas en la Literatura 
650 |a Literatura en la Literatura 
650 |a Literatura Chilena -  |y Siglo XX 
650 |a Literatura Chilena -  |x Historia y Crítica 
650 |a Neruda, Pablo -  |x Tema Principal 
910 |a Fondo Castillo-Martínez 
920 |a Impresos - Libros 
930 |a Fondos Especiales 
940 |a Literatura 
905 |a 127 
901 |a 0500348185  |b IT2  |c ESP  |i D126998  |u 20250521 
902 |a https://opac.biblio.iteso.mx/vufind/Record/000439721